Opel Car Models Worldwide 2024-25 - Statistics

General Stats
  • This quiz has been taken 276 times
    89 since last reset
  • The average score is 14 of 21
Answer Stats
Hint Answer % Correct
Subcompact Hatchback Corsa
97%
Subcompact Hatchback EV Corsa-e
97%
Compact Hatchback Astra
93%
Hot Hatch PHEV Astra GSe
93%
Compact Sport Wagon PHEV Astra GSe Sports Tourer
93%
Compact Wagon Astra Sports Tourer
93%
Subcompact Crossover Mokka
67%
Subcompact Crossover EV Mokka-e
67%
Compact Crossover Grandland
64%
Compact Crossover PHEV Grandland PHEV
64%
Compact MPV EV Zafira-e Life
64%
Compact MPV Zafira Life
64%
Commercial Van Combo
52%
Commercial Van EV Combo-e
52%
Leisure Activity Vehicle Combo Life
52%
Commercial Van Vivaro
52%
Commercial Van EV Vivaro-e
52%
Commercial Van Movano
43%
Commercial Van EV Movano-e
43%
Subcompact Crossover Frontera
40%
Quadricycle EV Rocks-e
36%
No matching quizzes found
Score Distribution
Percent of People with Each Score
Percentile by Number Answered
Your Score History
You have not taken this quiz since the last reset